000 00516nam a22001457a 4500
003 0
005 20230202091954.0
008 230202b xxu||||| |||| 00| 0 eng d
050 _aHE9783.5
_b.G88 2022
245 _aThe new normal in airline services due to covid-19: impact on passenger satisfaction and loyalty
_cGutierrez, Kiel Martin T.
260 _aLas Pinas City
_bSouthville International School & Colleges
_cC2022
300 _avi,166pp.
_c28cm.
_fTheses
500 _aPassenger satisfaction.
942 _2lcc
_cTH
999 _c364928
_d364928